[Event "Satka Autumn op (Women)"]
[Site "Satka"]
[Date "2018.09.18"]
[Round "8"]
[White "Svetlova, Ksenia"]
[Black "Stroganova, Karina"]
[Result "1-0"]
[WhiteElo "1696"]
[BlackElo "1711"]
[PlyCount "39"]
[EventDate "2018.09.11"]
[EventType "swiss"]
[EventRounds "9"]
[EventCountry "RUS"]
[SourceTitle "CBM 186 Extra"]
[Source "ChessBase"]
[SourceDate "2018.08.24"]
[SourceVersion "1"]
[SourceVersionDate "2018.08.24"]
[SourceQuality "1"]

1. e4 d5 2. exd5 Qxd5 3. Nc3 Qd6 4. d4 Nf6 5. Nf3 c6 6. g3 Bg4 7. Be2 Nbd7 8. Bf4 Qb4 9. 0-0 e6 10. a3 Qa5 11. b4 Qh5 12. Ne5 Bxe2 13. Qxe2 Qh3 14. Nxd7 Kxd7 15. Rad1 Nd5 16. Nxd5 exd5 17. b5 Bxa3 18. bxc6+ bxc6 19. Qa6 Bf8 20. Qb7+ 1-0

[Event "Satka Autumn op (Women)"]
[Site "Satka"]
[Date "2018.09.14"]
[Round "4"]
[White "Mironenko, Galina"]
[Black "Svetlova, Ksenia"]
[Result "1-0"]
[WhiteElo "2021"]
[BlackElo "1696"]
[PlyCount "149"]
[EventDate "2018.09.11"]
[EventType "swiss"]
[EventRounds "9"]
[EventCountry "RUS"]
[SourceTitle "CBM 186 Extra"]
[Source "ChessBase"]
[SourceDate "2018.08.24"]
[SourceVersion "1"]
[SourceVersionDate "2018.08.24"]
[SourceQuality "1"]

1. d4 Nf6 2. c4 e5 3. dxe5 Ng4 4. Bf4 Nc6 5. Nf3 Bb4+ 6. Nbd2 Qe7 7. e3 Ngxe5 8. Nxe5 Nxe5 9. Be2 0-0 10. 0-0 Bxd2 11. Qxd2 d6 12. Rfd1 Be6 13. c5 Rfd8 14. Qc3 f6 15. cxd6 cxd6 16. Qb4 Rac8 17. Rd2 Rc7 18. Rad1 a6 19. h3 Rcd7 20. Bg3 Nc6 21. Qb6 d5 22. Bxa6 Ne5 23. Be2 Rc8 24. Qd4 Bf7 25. Qa4 Rdc7 26. b3 Rc5 27. Bg4 b5 28. Qd4 Ra8 29. Bxe5 fxe5 30. Qb4 Qc7 31. Bf3 e4 32. Be2 Rb8 33. f3 Rc2 34. fxe4 Rxd2 35. Qxd2 dxe4 36. Bxb5 Bxb3 37. Rc1 Qb6 38. Bc4+ Bxc4 39. Rxc4 Qb1+ 40. Kh2 Qd3 41. Rd4 Qxd2 42. Rxd2 Ra8 43. Kg3 Kf7 44. Kf4 Ra4 45. Ke5 Ke7 46. Kd5 Kf6 47. Kc5 Ke5 48. Kb5 Ra3 49. Re2 h5 50. Kb4 Rd3 51. a4 Kd5 52. a5 Rd1 53. Rb2 Ra1 54. Kb5 Ra3 55. Rd2+ Ke5 56. Re2 Kd5 57. Kb4 Ra1 58. Rd2+ Ke5 59. Kb5 Ra3 60. Re2 Kd5 61. a6 Rb3+ 62. Ka4 Rb1 63. Rc2 Ra1+ 64. Kb5 Rb1+ 65. Ka5 Ra1+ 66. Kb6 Rb1+ 67. Kc7 Ra1 68. Rc6 Ra3 69. Kb7 Rxe3 70. a7 Rb3+ 71. Rb6 Ra3 72. Ra6 Rxa6 73. Kxa6 Kd4 74. a8Q e3 75. Qf3 1-0